Tramlinien Zürich #3 - Statistiken

Allgemein
  • Dieses Quiz wurde 27 mal gespielt
  • Das Durchschnittsergebnis liegt bei 36 aus 110
Antwortstatistiken
Linie Haltestelle % Korrekt
11 | 13 Bahnhofquai/HB
83%
11 | 13 Bahnhofstrasse/HB
83%
10 Bahnhofplatz/HB
78%
11 | 13 Paradeplatz
72%
13 Sihlquai/HB
72%
11 Bellevue
67%
10 ETH/Universitätsspital
67%
11 | 13 Rennweg
67%
11 | 12 Auzelg
61%
11 Bürkliplatz
61%
10 Central
61%
11 Kantonalbank
61%
10 Milchbuck
61%
11 Rehalp
61%
10 Seilbahn Rigiblick
61%
12 WallisellenGlatt
61%
13 Escher-Wyss-Platz
56%
10 | 11 Sternen Oerlikon
56%
11 Schaffhauserplatz
50%
10 Universität Irchel
50%
13 Bahnhof Enge/Bederstrasse
44%
11 Bucheggplatz
44%
10 | 11 | 12 Glattpark
44%
10 Haldenegg
44%
10 | 11 Leutschenbach
44%
13 Löwenbräu
44%
10 Löwenplatz
44%
11 Messe/Hallenstadion
44%
13 Albisgüetli
39%
11 Bahnhof Oerlikon
39%
11 Bahnhof Stadelhofen
39%
11 | 12 Fernsehstudio
39%
13 Frankental
39%
13 Laubegg
39%
13 Limmatplatz
39%
13 Museum für Gestaltung
39%
13 Saalsporthalle
39%
13 Stockerstrasse
39%
12 Zürich Flughafen
39%
11 Balgrist
33%
10 | 12 Fracht
33%
11 Kreuzplatz
33%
13 Meierhofplatz
33%
13 Sihlcity Nord
33%
13 Tunnelstrasse
33%
12 Bahnhof Stettbach
28%
10 Berninaplatz
28%
10 Haldenbach
28%
11 Hegibachplatz
28%
10 | 11 Oerlikerhus
28%
13 Quellenstrasse
28%
11 Stampfenbachplatz
28%
13 Strassenverkehrsamt
28%
13 Wafffenplatzstrasse
28%
13 Wipkingerplatz
28%
10 Bahnhof Oerlikon Ost
22%
11 Kronenstrasse
22%
11 Regensbergbrücke
22%
13 Schwert
22%
13 Alte Trotte
17%
11 Bad Allenmoos
17%
11 Brunnenhof
17%
10 Hirschwiesenstrasse
17%
10 Letzistrasse
17%
10 Winkelriedstrasse
17%
11 Beckenhof
11%
11 Friedhof Enzenbühl
11%
10 | 12 Glattbrugg, Bahnhof
11%
11 Hedwigsteig
11%
10 | 12 Kloten Balsberg, Bahnhof
11%
10 Langmauerstrasse
11%
11 Laubiweg
11%
10 | 12 Rümlang, Bäuler
11%
10 Salersteig
11%
11 Signaustrasse
11%
13 Uetlihof
11%
13 Waidfussweg
11%
13 Wartau
11%
13 Winzerstrasse
11%
11 Burgwies
6%
12 Dübendorf, Am Ring
6%
12 Dübendorf, Ringwiesen
6%
13 Eschergutweg
6%
10 Kinkelstrasse
6%
12 Wallisellen, Bahnhof
6%
12 Wallisellen, Belair
6%
12 Wallisellen, Herti
6%
12 Wallisellen, Neugut
6%
10 Zürich Flughafen
6%
13 Zwielplatz
6%
10 | 12 Lindhbergplatz
0%
10 | 12 Opfikon, Unterriet
0%
11 Wetlistrasse
0%
Keine übereinstimmenden Quizze gefunden
Verteilung der Resultate
Anzahl Personen mit jedem Resultat
Perzentil nach korrekt beantworteten Fragen
Ihre Resultats-Entwicklung
Sie haben dieses Quiz noch nicht gespielt